00579nam a2200145Ia 4500008004100000082002100041100001600062245002400078260003800102300000800140650012300148942000900271952013400280999001900414211119s9999||||xx |||||||||||||| ||und|| a894.812 3bJAY-N aJayamohan,  0aNooru Simhasanangal bMathrubhumi BooksaKottayamc2013 a88p aLiterature & rhetoricv Literatures of other languagesAltaic, Uralic, Hyperborean & Dravidian MalayalamxGeneral Stack cBOOK 00102ddc4070aSBCLbSBCLc2d2021-11-19g65.00l2o894.8123 JAY-Np00133416r2025-02-28 14:41:22s2025-02-11w2021-11-19yBOOK c119927d119927